000 00782nam a2200253Ia 4500
003 OSt
005 20220928125048.0
006 a|||||r|||| 00| 0
007 ta
008 220927b |||||||| |||| 00| 0 eng d
020 _cINR 250.00
024 _a133507
037 _b0403, 15/03/2017, Bookwell Publications
_cTextual
040 _aSDCL
_cSDCL
_beng
041 _2eng
_aeng
082 _aV2y7N31, Q7 LR
100 _aKalam A.P.J. Abdul
_9391795
245 0 _aPathways to greatness
_b Coming together for change
260 _aNoida
_bHarpercollins
_c2017
300 _axvii,158p.
_ccm.
650 _aReference
942 _hV2y7N31, Q7 LR
_cTEXL
_2CC
999 _c780754
_d780754